|
|
|
|
| LEADER |
00000nab a2200000 4500 |
| 001 |
vtls011989391 |
| 003 |
SK-MaSNL |
| 005 |
20260304040537.0 |
| 008 |
200826|2020 xo |||| ||n ||00 0|slo |
| 015 |
|
|
|a SNBRB2020/08
|
| 040 |
|
|
|a SPKCL
|b slo
|e rda
|
| 041 |
|
|
|a cze
|b cze
|
| 043 |
|
|
|a e-xn- - -
|
| 044 |
|
|
|a xo
|c SK
|
| 072 |
|
7 |
|a 821.162.3
|x Česká literatúra
|2 konspekt
|
| 080 |
|
|
|a 821.162.3 Němcová, Božena
|2 2011
|
| 100 |
1 |
|
|a Romanská, Lýdie
|4 aut
|9 669532
|
| 245 |
1 |
0 |
|a Jak vidím Boženu Němcovou
|c Lýdie Romanská
|
| 336 |
|
|
|a text
|b txt
|2 rdacontent
|
| 337 |
|
|
|a bez média
|b n
|2 rdamedia
|
| 338 |
|
|
|a zväzok
|b nc
|2 rdacarrier
|
| 504 |
|
|
|a Obsahuje bibliografiu
|
| 600 |
1 |
7 |
|a Němcová, Božena,
|d 1820-1862
|2 SNKMA
|9 85909
|
| 650 |
0 |
7 |
|a česká literatúra
|2 SNKPH
|9 1178
|
| 651 |
|
7 |
|a Česko
|2 SNKPHgeo
|9 16753
|
| 773 |
0 |
|
|t Knižnica (online)
|g Roč. 21, č. 2 (2020), s.
|x 1336-0965
|
| 958 |
|
|
|a NB
|
| 999 |
|
|
|c 2663813
|d 2665743
|